000
00293nam a22001337a 4500
008
170404b xxu||||| |||| 00| 0 eng d
020
_a
9780936015705
041
_a
eng
080
_2
7 ED
_a
574
100
_a
9
101
_a
SHM
245
_a
KEYS TO SOIL TAXONOMY
_c
SURVEY,S
942
_2
udc
_c
BK
999
_c
9633
_d
9633